[Event "NED-ch"]
[Site "Leeuwarden"]
[Date "1979.??.??"]
[Round "10"]
[White "Bohm, Hans"]
[Black "Van Dop, Arend J"]
[Result "1-0"]
[WhiteElo "2410"]
[BlackElo "2300"]
[PlyCount "95"]
[EventDate "1979.??.??"]
[Source "ChessBase"]

1. d4 Nf6 2. c4 g6 3. Nc3 d5 4. Bf4 Bg7 5. e3 O-O 6. cxd5 Nxd5 7. Nxd5 Qxd5 8. Bxc7 Na6 9. Bxa6 bxa6 10. Nf3 Bf5 11. Qb3 Qc6 12. Qc3 Qb7 13. O-O Be4 14. Rfc1 Bxf3 15. gxf3 Qxf3 16. Qc6 Qg4+ 17. Qg2 Qe2 18. Rab1 Rac8 19. Qe4 Rfe8 20. Rc2 Qb5 21. Rbc1 e6 22. Qc6 Qd3 23. Qg2 h5 24. Rc3 Qb5 25. b3 Qe2 26. a4 Bf8 27. f3 Qxg2+ 28. Kxg2 Bb4 29. Rc6 Bd2 30. R1c4 Bxe3 31. Kf1 Re7 32. Be5 Rxc6 33. Rxc6 f6 34. Bxf6 Rb7 35. Rxe6 Rxb3 36. Be5 Rb6 37. Re7 Rb4 38. d5 Rxa4 39. d6 Bb6 40. d7 Ra3 41. Bd4 Ba5 42. Kg2 Ra2+ 43. Kg3 g5 44. d8=Q+ Bxd8 45. Re8+ Kf7 46. Rxd8 Kg6 47. Rd6+ Kf5 48. Rf6# 1-0

[Event "Politiken Cup"]
[Site "Copenhagen DEN"]
[Date "1980.??.??"]
[Round "2"]
[White "Fedder, Steen"]
[Black "Hansson, Dan"]
[Result "1/2-1/2"]
[WhiteElo "2410"]
[BlackElo "2300"]
[PlyCount "60"]
[EventDate "1980.??.??"]
[Source "www.chesslib.no"]
[SourceDate "2004.05.04"]

1. d4 Nf6 2. c4 g6 3. Nc3 d5 4. Bf4 Bg7 5. e3 O-O 6. cxd5 Nxd5 7. Nxd5 Qxd5 8. Bxc7 Nc6 9. Ne2 Bg4 10. f3 Rac8 11. Nc3 Qe6 12. Bf4 Bxd4 13. fxg4 Nb4 14. Kf2 Bxc3 15. bxc3 Rfd8 16. Qb3 Nd5 17. Bc4 g5 18. Bxg5 Qc6 19. Rhd1 Qxc4 20. Qxc4 Rxc4 21. Bxe7 Re8 22. Rxd5 Rxe7 23. Rg5+ Kf8 24. Rc1 Rec7 25. Rd5 Rxg4 26. Rd4 Rg5 27. Kf3 Rgc5 28. Rd8+ Ke7 29. Rb8 b6 30. Ke2 Rg5 1/2-1/2

[Event "Strasbourg Open"]
[Site "Strasbourg FRA"]
[Date "1991.??.??"]
[Round "5"]
[White "Kaunas, Kestutis"]
[Black "Roos, Daniel"]
[Result "1/2-1/2"]
[WhiteElo "2330"]
[BlackElo "2380"]
[PlyCount "40"]
[EventDate "1991.??.??"]
[Source "www.chesslib.no"]
[SourceDate "2004.05.04"]

1. d4 Nf6 2. c4 g6 3. Nc3 d5 4. Bf4 Bg7 5. e3 O-O 6. cxd5 Nxd5 7. Nxd5 Qxd5 8. Bxc7 Na6 9. Bxa6 Qxg2 10. Qf3 Qxf3 11. Nxf3 bxa6 12. Rc1 Bg4 13. Ne5 Bxe5 14. Bxe5 Rfd8 15. Rg1 Bf3 16. Bc7 Rd7 17. Rg5 Bd5 18. Rc3 f6 19. Rg3 Bxa2 20. f3 Rc8 1/2-1/2

[Event "BCF-ch"]
[Site "Plymouth"]
[Date "1989.??.??"]
[Round "?"]
[White "Levitt, Jonathan"]
[Black "Ledger, Andrew"]
[Result "1/2-1/2"]
[WhiteElo "2480"]
[BlackElo "2225"]
[PlyCount "32"]
[EventDate "1989.07.??"]
[Source "ChessBase"]

1. d4 Nf6 2. c4 g6 3. Nc3 d5 4. Bf4 Bg7 5. e3 O-O 6. cxd5 Nxd5 7. Nxd5 Qxd5 8. Bxc7 Na6 9. Bxa6 bxa6 10. Qf3 Qb5 11. Ne2 Qb4+ 12. Nc3 Bb7 13. Qe2 Bxg2 14. Rg1 Bf3 15. Qc2 Rac8 16. Bf4 Rfe8 1/2-1/2

[Event "It (Open) INT"]
[Site "?"]
[Date "2006.05.06"]
[Round "?"]
[White "Grigorov Grigor"]
[Black "Klimakovs Sergejs"]
[Result "1-0"]
[WhiteElo "2407"]
[BlackElo "2295"]
[PlyCount "47"]
[EventDate "2006.??.??"]
[Source "www.chesslib.no"]
[SourceDate "2004.05.04"]

1. d4 Nf6 2. c4 g6 3. Nc3 d5 4. Bf4 Bg7 5. e3 O-O 6. cxd5 Nxd5 7. Nxd5 Qxd5 8. Bxc7 Na6 9. Bxa6 Qxg2 10. Qf3 Qxf3 11. Nxf3 bxa6 12. Rc1 Bb7 13. Ke2 Rac8 14. Rc5 e6 15. Rhc1 Bd5 16. b3 Rfe8 17. Bd6 Rxc5 18. Rxc5 Rd8 19. Be7 Re8 20. Rc7 Ra8 21. Bc5 Bf8 22. Bxf8 Kxf8 23. Ne5 f6 24. Nd7+ 1-0

[Event "Assisi (open)"]
[Site "?"]
[Date "2003.12.21"]
[Round "3"]
[White "Lazarev Vladimir"]
[Black "Mogranzini Roberto"]
[Result "1-0"]
[WhiteElo "2526"]
[BlackElo "2172"]
[PlyCount "125"]
[EventDate "2003.??.??"]
[Source "www.chesslib.no"]
[SourceDate "2004.05.04"]

1. d4 Nf6 2. c4 g6 3. Nc3 d5 4. Bf4 Bg7 5. e3 O-O 6. cxd5 Nxd5 7. Nxd5 Qxd5 8. Bxc7 Na6 9. Bxa6 Qxg2 10. Qf3 Qxf3 11. Nxf3 bxa6 12. Rg1 Bb7 13. Ke2 Rac8 14. Rac1 f6 15. Rgd1 Bd5 16. a3 e6 17. Nd2 Rf7 18. Bd6 Rd8 19. Bc7 Rc8 20. Bg3 Rd8 21. f3 f5 22. Bc7 Re8 23. Be5 Bxe5 24. dxe5 Rb8 25. b4 Rb5 26. Rc8+ Kg7 27. Rdc1 a5 28. R1c5 a6 29. bxa5 Rb2 30. Rc2 Rb5 31. R8c5 Rfb7 32. e4 fxe4 33. fxe4 Bb3 34. Rc7+ Rxc7 35. Rxc7+ Kh6 36. Rc6 Ba4 37. Rxa6 Rxe5 38. Ke3 Rh5 39. Rxe6 Rxa5 40. Rb6 Rh5 41. Nf3 Bd1 42. Nd4 Rh3+ 43. Kd2 Ba4 44. Ra6 Rxa3 45. e5 Ra2+ 46. Ke3 Bb3 47. Rb6 Bc4 48. Rc6 Ra3+ 49. Kf4 Bb3 50. e6 Bxe6 51. Rxe6 Ra4 52. Re4 Kh5 53. h3 Ra5 54. Nf3 g5+ 55. Kg3 h6 56. Re6 Ra3 57. Rf6 Rb3 58. Kg2 Rb2+ 59. Kf1 Ra2 60. Ne5 Rh2 61. Rxh6+ Kxh6 62. Ng4+ Kh5 63. Nxh2 1-0

[Event "Esbjerg op"]
[Site "Esbjerg"]
[Date "1972.??.??"]
[Round "7"]
[White "Fedder, Steen"]
[Black "Jensen, Allan"]
[Result "1-0"]
[WhiteElo "2370"]
[BlackElo "2320"]
[PlyCount "65"]
[EventDate "1972.??.??"]
[Source "ChessBase"]

1. d4 Nf6 2. c4 g6 3. Nc3 d5 4. Bf4 Bg7 5. e3 O-O 6. cxd5 Nxd5 7. Nxd5 Qxd5 8. Bxc7 Bf5 9. Ne2 Na6 10. Nc3 Qc6 11. Bg3 Nb4 12. Rc1 Rfd8 13. a3 Nd5 14. Be2 e5 15. O-O exd4 16. exd4 Qb6 17. Bf3 Ne7 18. Na4 Qxd4 19. Bxb7 Qxd1 20. Rfxd1 Bc2 21. Re1 Bxa4 22. Bxa8 Bxb2 23. Rc7 Nf5 24. Rxa7 Bc3 25. Rb1 Bc2 26. Rb8 Rxb8 27. Bxb8 Nd4 28. Bd5 Nb5 29. Rb7 Nxa3 30. Bxf7+ Kh8 31. Bf4 h5 32. Rc7 Nb5 33. Rxc3 1-0

[Event "18. Open"]
[Site "?"]
[Date "2003.10.26"]
[Round "1"]
[White "Baskewitsch Pierre"]
[Black "Kveinys Aloyzas"]
[Result "0-1"]
[WhiteElo "2192"]
[BlackElo "2495"]
[PlyCount "36"]
[EventDate "2003.??.??"]
[Source "www.chesslib.no"]
[SourceDate "2004.05.04"]

1. d4 Nf6 2. Bf4 g6 3. e3 Bg7 4. c4 O-O 5. Nc3 d5 6. cxd5 Nxd5 7. Nxd5 Qxd5 8. Bxc7 Nc6 9. Qb3 Be6 10. Qxd5 Bxd5 11. a3 Rac8 12. Bg3 e5 13. Nf3 exd4 14. Nxd4 Nxd4 15. exd4 Bxd4 16. Rd1 Rfe8+ 17. Be2 Bxg2 18. Rg1 Bf3 0-1

[Event "Eksjo-B"]
[Site "Eksjo SWE"]
[Date "1982.??.??"]
[Round "3"]
[White "Andruet, Gilles"]
[Black "Orseth, Dag S"]
[Result "1/2-1/2"]
[WhiteElo "2395"]
[BlackElo "2280"]
[PlyCount "82"]
[EventDate "1982.??.??"]
[Source "www.chesslib.no"]
[SourceDate "2004.05.04"]

1. d4 Nf6 2. c4 g6 3. Nc3 d5 4. Bf4 Bg7 5. e3 O-O 6. cxd5 Nxd5 7. Nxd5 Qxd5 8. Bxc7 Na6 9. Bxa6 Qxg2 10. Qf3 Qxf3 11. Nxf3 bxa6 12. Ke2 Bg4 13. Rhg1 Rfc8 14. Rac1 Bh5 15. Rc3 e5 16. dxe5 f6 17. exf6 Bxf6 18. Rc5 Rab8 19. Rxh5 Rxb2+ 20. Nd2 Rxc7 21. Rd5 Rxa2 22. f4 Rcc2 23. e4 Bc3 24. Rd1 Bb2 25. Rd7 Bc1 26. e5 Kf8 27. Ke1 Ra4 28. Rxa7 Bxd2+ 29. Rxd2 Re4+ 30. Kd1 Rxd2+ 31. Kxd2 Rxf4 32. Rxh7 Re4 33. Ra7 Rxe5 34. Rxa6 Kg7 35. Kd3 Kh6 36. Ra2 Kh5 37. Re2 Rg5 38. Ke4 Kh4 39. Ra2 Kh3 40. Kf4 Rg1 41. Ke5 g5 1/2-1/2

[Event "Balatonlelle HUN"]
[Site "?"]
[Date "2006.06.17"]
[Round "1.9"]
[White "Gonda Laszlo"]
[Black "Porat David"]
[Result "1-0"]
[WhiteElo "2465"]
[BlackElo "2206"]
[PlyCount "81"]
[EventDate "2006.??.??"]
[Source "www.chesslib.no"]
[SourceDate "2004.05.04"]

1. d4 Nf6 2. c4 g6 3. Nc3 d5 4. Bf4 Bg7 5. e3 O-O 6. cxd5 Nxd5 7. Nxd5 Qxd5 8. Bxc7 Na6 9. Bxa6 Qxg2 10. Qf3 Qxf3 11. Nxf3 bxa6 12. Rc1 Re8 13. Rc5 Be6 14. b3 Rac8 15. Ke2 Bg4 16. Rhc1 f6 17. R1c4 h5 18. d5 e5 19. h3 Bxh3 20. Nd2 Bd7 21. a4 Bf5 22. Rc6 Re7 23. Bd6 Rxc6 24. Rxc6 Rb7 25. Rxa6 Bc2 26. Bc5 Rd7 27. e4 f5 28. f3 fxe4 29. fxe4 Kf7 30. Rxa7 Rxa7 31. Bxa7 Bf8 32. a5 Ke8 33. a6 Kd8 34. Bb8 Kc8 35. a7 Kb7 36. d6 h4 37. d7 Be7 38. Nc4 Bd8 39. Nd6+ Ka8 40. Nb5 Kb7 41. Nc7 1-0

[Event "Bishkek"]
[Site "?"]
[Date "2006.??.??"]
[Round "7"]
[White "Akkozov Berik"]
[Black "Sai Srinivas"]
[Result "1/2-1/2"]
[WhiteElo "2307"]
[BlackElo "2327"]
[PlyCount "29"]
[EventDate "2006.??.??"]
[Source "www.chesslib.no"]
[SourceDate "2004.05.04"]

1. d4 Nf6 2. c4 g6 3. Nc3 d5 4. Bf4 Bg7 5. e3 O-O 6. cxd5 Nxd5 7. Nxd5 Qxd5 8. Bxc7 Na6 9. Bxa6 Qxg2 10. Qf3 Qxf3 11. Nxf3 bxa6 12. Rg1 Bb7 13. Ke2 f6 14. Rgd1 e5 15. d5 1/2-1/2

[Event "It"]
[Site "Sagua la Grande CUB"]
[Date "1989.??.??"]
[Round "10"]
[White "Santa, Luis A"]
[Black "Vilela, Jose Luis"]
[Result "0-1"]
[WhiteElo "2215"]
[BlackElo "2415"]
[PlyCount "64"]
[EventDate "1989.??.??"]
[Source "www.chesslib.no"]
[SourceDate "2004.05.04"]

1. d4 Nf6 2. c4 g6 3. Nc3 d5 4. Bf4 Bg7 5. e3 O-O 6. cxd5 Nxd5 7. Nxd5 Qxd5 8. Bxc7 Nc6 9. Ne2 Bg4 10. f3 Rac8 11. Nc3 Qe6 12. Bf4 Nxd4 13. fxg4 Rfd8 14. Bd3 Nc6 15. Qb1 Ne5 16. Be2 Nc4 17. Bxc4 Qxc4 18. Qc2 g5 19. Bxg5 b5 20. Qb3 Qxg4 21. O-O Qxg5 22. Rxf7 Qxe3+ 23. Kh1 Kh8 24. Raf1 a6 25. R7f3 Qd4 26. a3 Qc4 27. Qc2 a5 28. Rf4 Rd4 29. Rf7 b4 30. R1f3 bxc3 31. Rh3 Re4 32. Qd1 Qxf7 0-1

[Event "Israel"]
[Site "Israel"]
[Date "1988.??.??"]
[Round "?"]
[White "Elyoseph, Harel"]
[Black "Carmel, Ephraim"]
[Result "0-1"]
[WhiteElo "2300"]
[BlackElo "2320"]
[PlyCount "112"]
[EventDate "1988.??.??"]
[Source "www.chesslib.no"]
[SourceDate "2004.05.04"]

1. d4 Nf6 2. c4 g6 3. Nc3 d5 4. Bf4 Bg7 5. e3 O-O 6. cxd5 Nxd5 7. Nxd5 Qxd5 8. Bxc7 Nc6 9. Ne2 Bg4 10. f3 Bxf3 11. gxf3 Qxf3 12. Rg1 Qxe3 13. Bf4 Qe4 14. Bg2 Qf5 15. Bxc6 bxc6 16. Qd2 Rfd8 17. O-O-O e5 18. Bg5 Rd5 19. Rgf1 Qe6 20. Qe3 Re8 21. Nc3 Rxd4 22. Kb1 f5 23. Ne2 Ra4 24. Nc3 f4 25. Qe1 Rc4 26. Ka1 h6 27. Bd8 g5 28. Ne4 Rd4 29. Bc7 Re7 30. Bd6 Rd7 31. Rxd4 exd4 32. Nf6+ Qxf6 33. Qe8+ Bf8 34. Qxd7 Qxd6 35. Qf5 Qe7 36. Qg6+ Bg7 37. Qxc6 Qe2 38. Qd5+ Kh8 39. Rc1 Qe5 40. Rc8+ Kh7 41. Qg8+ Kg6 42. Re8 Qb5 43. Qe6+ Kh5 44. Qh3+ Kg6 45. Qe6+ Kh5 46. Qf7+ Kh4 47. Re1 Qa5 48. Qe6 d3 49. Rg1 h5 50. Qb3 Qb6 51. Qxb6 axb6 52. Kb1 f3 53. Kc1 Be5 54. Rf1 Bf4+ 55. Kd1 g4 56. Rf2 Be3 0-1

[Event "Hamburg ch"]
[Site "Hamburg"]
[Date "1997.??.??"]
[Round "5"]
[White "Reddmann, Hauke"]
[Black "Hegeler, Frank"]
[Result "1/2-1/2"]
[WhiteElo "2305"]
[BlackElo "2310"]
[PlyCount "72"]
[EventDate "1997.??.??"]
[Source "www.chesslib.no"]
[SourceDate "2004.05.04"]

1. d4 d5 2. Bf4 Nf6 3. e3 g6 4. c4 Bg7 5. Nc3 O-O 6. cxd5 Nxd5 7. Nxd5 Qxd5 8. Bxc7 Na6 9. Bg3 Bf5 10. Qa4 Rac8 11. Ne2 Qc6 12. Qxc6 Rxc6 13. Nc3 Nb4 14. Rd1 Rfc8 15. Rd2 Rb6 16. Kd1 Be6 17. a3 Bb3+ 18. Ke2 Nd5 19. Nxd5 Bxd5 20. f3 Rc1 21. Kf2 Rb1 22. b4 Ra1 23. b5 Rxa3 24. Bd3 Rc3 25. Ra1 Bc4 26. Bxc4 Rxc4 27. Rxa7 Rxb5 28. Ra8+ Bf8 29. d5 Kg7 30. e4 f6 31. Bf4 Kf7 32. Rb8 f5 33. Re2 fxe4 34. fxe4 Bg7 35. Kf3 Rc3+ 36. Re3 Rxe3+ 1/2-1/2

[Event "Montpellier op-A"]
[Site "?"]
[Date "2001.??.??"]
[Round "1.8"]
[White "Flear Glenn C"]
[Black "Janotta Patrick"]
[Result "1-0"]
[WhiteElo "2489"]
[BlackElo "2121"]
[PlyCount "141"]
[EventDate "2001.??.??"]
[Source "www.chesslib.no"]
[SourceDate "2004.05.04"]

1. d4 Nf6 2. c4 g6 3. Nc3 d5 4. Bf4 Bg7 5. e3 O-O 6. cxd5 Nxd5 7. Nxd5 Qxd5 8. Bxc7 Nc6 9. Ne2 Bf5 10. Nc3 Qd7 11. Bg3 Rfd8 12. Be2 Nb4 13. O-O Nd5 14. Nxd5 Qxd5 15. Bf3 Be4 16. Bxe4 Qxe4 17. Qb3 Rac8 18. Rac1 b6 19. f3 Qb7 20. Rfd1 e6 21. h3 Bf6 22. Kh2 Kg7 23. a4 Rc6 24. Rxc6 Qxc6 25. Rd3 Qb7 26. Rc3 Rc8 27. Qc2 Rxc3 28. Qxc3 Qd7 29. Qc4 h5 30. b3 Qe7 31. Bb8 Bg5 32. f4 Bh4 33. Be5+ f6 34. Bb8 f5 35. Be5+ Bf6 36. Qc7 Qxc7 37. Bxc7 Be7 38. Kg3 Kf7 39. Kf3 Ke8 40. Bb8 a6 41. e4 Kd7 42. d5 b5 43. axb5 axb5 44. Be5 Bc5 45. g4 hxg4+ 46. hxg4 fxg4+ 47. Kxg4 exd5 48. exd5 Be7 49. Kf3 Bh4 50. Ke4 Bf2 51. Bd4 Bg3 52. Bc3 Kd6 53. Bb4+ Kd7 54. Bc5 Bh4 55. Ba7 Bg3 56. Bd4 Kd6 57. Be5+ Kd7 58. Kf3 Bh4 59. Bb8 Bf6 60. Ke4 Bh4 61. Be5 Bg3 62. Bg7 Kd6 63. Bh6 Bh4 64. Bf8+ Kd7 65. Ke5 g5 66. f5 g4 67. Kf4 g3 68. Kf3 Kc7 69. Bc5 Kd7 70. Kg4 Bf6 71. Kxg3 1-0

[Event "VISUS Open"]
[Site "?"]
[Date "2005.07.09"]
[Round "8"]
[White "Gregor Jiri"]
[Black "Pribyl Josef"]
[Result "0-1"]
[WhiteElo "2214"]
[BlackElo "2392"]
[PlyCount "116"]
[EventDate "2005.??.??"]
[Source "www.chesslib.no"]
[SourceDate "2004.05.04"]

1. d4 Nf6 2. c4 g6 3. Nc3 d5 4. Bf4 Bg7 5. e3 O-O 6. cxd5 Nxd5 7. Nxd5 Qxd5 8. Bxc7 Na6 9. Bxa6 Qxg2 10. Qf3 Qxf3 11. Nxf3 bxa6 12. O-O Bb7 13. Nd2 Rac8 14. Rac1 f6 15. Rc5 Kf7 16. Rfc1 g5 17. b4 h5 18. h3 h4 19. f3 Rfe8 20. Kf2 Bf8 21. d5 Ra8 22. e4 Bh6 23. R1c2 Rg8 24. Kg2 Bc8 25. Nc4 Bd7 26. e5 Bb5 27. e6+ Kg6 28. Ba5 Bg7 29. Rc7 Rge8 30. Rc5 f5 31. Na3 Ba4 32. Rd2 Rab8 33. Nc2 Rec8 34. Nd4 Be5 35. Nc6 Bxc6 36. dxc6 Bd6 37. c7 Rb7 38. Rc6 Kf6 39. Re2 Rb5 40. Rxd6 exd6 41. e7 Re5 42. Rc2 Kxe7 43. a4 Kd7 44. f4 gxf4 45. Kf3 Re3+ 46. Kxf4 Rxh3 47. Rg2 Rg3 48. Rh2 Rcg8 49. Kxf5 h3 50. Kf4 Rc3 51. Rh1 Rh8 52. Rh2 Ra3 53. Rc2 Rxa4 54. Kg3 Ra3+ 55. Kh2 Rg8 56. Rc1 Kc8 57. Rc6 Rg2+ 58. Kh1 Ra1+ 0-1

[Event "Capablanca mem-B 13th"]
[Site "Cienfuegos City CUB"]
[Date "1976.05.17"]
[Round "1"]
[White "Garcia, Gilberto"]
[Black "Barreras, Alberto"]
[Result "0-1"]
[WhiteElo "2265"]
[BlackElo "2340"]
[PlyCount "148"]
[EventDate "1976.05.17"]
[Source "www.chesslib.no"]
[SourceDate "2004.05.04"]

1. d4 Nf6 2. c4 g6 3. Nc3 d5 4. Bf4 Bg7 5. e3 O-O 6. cxd5 Nxd5 7. Nxd5 Qxd5 8. Bxc7 Na6 9. Bxa6 Qxg2 10. Qf3 Qxf3 11. Nxf3 bxa6 12. Ke2 Bg4 13. Rhg1 Bh5 14. Rac1 Rac8 15. Rc3 Rfe8 16. Rg3 e5 17. dxe5 f6 18. Kf1 fxe5 19. e4 Bh6 20. Ng5 Bg7 21. Rgd3 Bf6 22. Nf3 Bg4 23. Nd2 Bg5 24. Ke1 Bf4 25. h3 Be6 26. b3 Re7 27. Ba5 Rxc3 28. Rxc3 Rd7 29. Rc6 Bxh3 30. Nc4 Bg4 31. Nd6 h5 32. Bd2 Bxd2+ 33. Kxd2 h4 34. Ke3 h3 35. Ne8 h2 36. Rxg6+ Kf7 37. Rh6 Kxe8 38. Rxh2 Rf7 39. Kd3 Bf3 40. Rh6 Rd7+ 41. Ke3 Bg2 42. Rxa6 Kf7 43. Rh6 Rd4 44. f3 Rd1 45. Rh7+ Kg6 46. Rxa7 Rf1 47. Ra8 Rxf3+ 48. Ke2 Rf7 49. Ke3 Rf3+ 50. Ke2 Rf7 51. Ke3 Kf6 52. b4 Rh7 53. Ra6+ Kg5 54. Re6 Rh3+ 55. Kf2 Bxe4 56. Rxe5+ Kf4 57. Re8 Rh2+ 58. Kg1 Rg2+ 59. Kf1 Rxa2 60. Ke1 Ke3 61. Rd8 Rb2 62. b5 Rxb5 63. Rd2 Rb1+ 64. Rd1 Rb2 65. Rd7 Ra2 66. Rd8 Rg2 67. Rf8 Bg6 68. Rf6 Bd3 69. Re6+ Be4 70. Rf6 Re2+ 71. Kf1 Rb2 72. Kg1 Rg2+ 73. Kf1 Rg5 74. Ke1 Bf5 0-1

[Event "It (Open) Amsterdam NED"]
[Site "?"]
[Date "2005.07.19"]
[Round "4"]
[White "Timman Ton"]
[Black "Pruijssers Roeland"]
[Result "1/2-1/2"]
[WhiteElo "2335"]
[BlackElo "2261"]
[PlyCount "98"]
[EventDate "2005.??.??"]
[Source "www.chesslib.no"]
[SourceDate "2004.05.04"]

1. d4 Nf6 2. c4 g6 3. Nc3 d5 4. Bf4 Bg7 5. e3 O-O 6. cxd5 Nxd5 7. Nxd5 Qxd5 8. Bxc7 Nc6 9. Ne2 Bg4 10. f3 Bxf3 11. gxf3 Qxf3 12. Rg1 Qxe3 13. Bf4 Qe4 14. Bg2 Qf5 15. Bxc6 bxc6 16. Qd2 Rfd8 17. O-O-O e5 18. Bxe5 Bxe5 19. Rg5 Qe6 20. Rxe5 Qxa2 21. Nc3 Qa6 22. Kb1 Rab8 23. h4 Qa3 24. Rde1 Qb4 25. R1e4 f5 26. Rf4 Rb7 27. d5 Qd6 28. Qe3 cxd5 29. Rxd5 Qf6 30. Rxd8+ Qxd8 31. Qe6+ Kg7 32. Rc4 Re7 33. Qc6 Qd2 34. Ra4 f4 35. Qf3 Rf7 36. Ka2 Qh2 37. Ne2 Qxh4 38. Rxf4 Rxf4 39. Nxf4 Qf6 40. Qe4 h5 41. Nd5 Qd6 42. Kb3 g5 43. Kc4 h4 44. Qf5 Qg6 45. Qe5+ Kh6 46. Ne3 Qc6+ 47. Kd4 Qf3 48. Qh8+ Kg6 49. Qg8+ Kh6 1/2-1/2